LEADER 02658nam 22005893 450 001 9910838315603321 005 20231110222524.0 010 $a1-80270-030-7 024 7 $a10.1515/9781802700305 035 $a(CKB)5720000000019980 035 $a(MiAaPQ)EBC29441744 035 $a(Au-PeEL)EBL29441744 035 $a(DE-B1597)619158 035 $a(DE-B1597)9781802700305 035 $a(OCoLC)1337521391 035 $a(EXLCZ)995720000000019980 100 $a20220825d2022 uy 0 101 0 $aeng 135 $aurcnu|||||||| 181 $ctxt$2rdacontent 182 $cc$2rdamedia 183 $acr$2rdacarrier 200 10$aAgnès Sorel and the French Monarchy $eHistory, Gallantry, and National Identity 205 $a1st ed. 210 1$aPiraí :$cArc Humanities Press,$d2022. 210 4$d©2022. 215 $a1 online resource (164 pages) 225 1 $aGender and Power in the Premodern World 311 $a1-64189-352-4 327 $tFrontmatter -- $tCONTENTS -- $tList of Illustrations -- $tAcknowledgements -- $tIntroduction. Why a New Study of Agnès Sorel? -- $tPart One. WHAT WE KNOW ABOUT AGNÈS SOREL AND HOW WE KNOW IT -- $tChapter One. Who Was Agnès Sorel? -- $tChapter Two. The Primary Sources -- $tChapter Three. The First Royal Mistress in Historical Context -- $tPart Two THE SPECTACULAR AFTERLIFE OF AGNÈS SOREL -- $tFigure 1: Jean Fouquet, ?Madonna Surrounded by Seraphim and Cherubim.? -- $tChapter Four. Communicative Memory -- $tChapter Five. Cultural Memory: Agnès as Celebrity -- $tChapter Six. Agnès la Gallante -- $tChapter Seven. History, Gallantry, and National Identity -- $tConclusion. Agnès Sorel, Modern Celebrity -- $tBibliography -- $tIndex 330 $aThe first full length study in English to examine the life and the afterlife of Agnès Sorel (1428-1450), a favourite of King Charles VII of France, and first in the long genealogy of French royal mistresses. 410 0$aGender and Power in the Premodern World 606 $aFavorites, Royal$zFrance$vBiography 606 $aHISTORY / Medieval$2bisacsh 610 $aAgnès Sorel. 610 $aKing Charles VII of France. 610 $aKing Louis XI of France. 610 $aPhilippe Chartier. 610 $amedieval women. 610 $apoisoning. 610 $aroyal mistress. 615 0$aFavorites, Royal 615 7$aHISTORY / Medieval. 676 $a944.026092 700 $aAdams$b Tracy$01310033 801 0$bMiAaPQ 801 1$bMiAaPQ 801 2$bMiAaPQ 906 $aBOOK 912 $a9910838315603321 996 $aAgnès Sorel and the French Monarchy$94139110 997 $aUNINA LEADER 05441nam 2200733Ia 450 001 9910963473403321 005 20251214174729.0 010 $a9786611374556 010 $a9781281374554 010 $a1281374555 010 $a9780470387252 010 $a0470387254 035 $a(CKB)1000000000403745 035 $a(EBL)343717 035 $a(OCoLC)608622779 035 $a(SSID)ssj0000073861 035 $a(PQKBManifestationID)11110129 035 $a(PQKBTitleCode)TC0000073861 035 $a(PQKBWorkID)10117799 035 $a(PQKB)10415877 035 $a(Au-PeEL)EBL343717 035 $a(CaPaEBR)ebr10233042 035 $a(CaONFJC)MIL137455 035 $a(OCoLC)402442095 035 $a(OCoLC)ocm402442095 035 $a(CaSebORM)9780470376034 035 $a(MiAaPQ)EBC343717 035 $a(Perlego)2753408 035 $a(EXLCZ)991000000000403745 100 $a20080411d2008 uy 0 101 0 $aeng 135 $aurunu||||| 181 $ctxt 182 $cc 183 $acr 200 10$aBSD UNIX toolbox $e1000+ commands for FreeBSD, OpenBSD, and NetBSD power users /$fChristopher Negus, Francois Caen 205 $a1st edition 210 $aIndianapolis, IN $cWiley Pub.$dc2008 215 $a1 online resource (338 p.) 300 $aIncludes index. 311 08$a9780470376034 311 08$a0470376031 327 $aBSD UNIX Toolbox: 1000+ Commands for FreeBSD, OpenBSD, and NetBSD Power Users; About the Authors; About the Technical Editor; Credits; Contents at a Glance; Contents; Introduction; Who Should Read This Book; What This Book Covers; How This Book Is Structured; What You Need to Use This Book; Conventions; Chapter 1: Starting with BSD Systems; About FreeBSD, NetBSD, and OpenBSD; Focusing on BSD Commands; Summary; Chapter 2: Installing FreeBSD and Adding Software; Before Installing FreeBSD; Installing FreeBSD; Adding, Deleting, and Managing Software; Checking Packages and Ports; Summary 327 $aChapter 3: Using the Shell Terminal Windows and Shell Access; Using the Shell; Acquiring Super-User Power; Using Environment Variables; Creating Simple Shell Scripts; Summary; Chapter 4: Working with Files; Understanding File Types; Setting File and Directory Permissions; Traversing the File System; Copying Files; Changing File Attributes; Searching for Files; Finding Out More About Files; Summary; Chapter 5: Manipulating Text; Matching Text with Regular Expressions; Editing Text Files; Listing, Sorting, and Changing Text; Summary; Chapter 6: Playing with Multimedia; Working with Audio 327 $aTransforming Images Summary; Chapter 7: Administering File Systems; Understanding File System Basics; Creating and Managing File Systems; Mounting and Unmounting File Systems; Checking File Systems; Finding Out About File System Use; Summary; Chapter 8: Backups and Removable Media; Backing Up Data to Compressed Archives; Backing Up Over Networks; Summary; Chapter 9: Checking and Managing Running Processes; Listing Active Processes; Finding and Controlling Processes; Summary; Chapter 10: Managing the System; Monitoring Resources; Mastering Time; Managing the Boot Process 327 $aControlling System Services Starting and Stopping Your System; Straight to the Kernel; Poking at the Hardware; Summary; Chapter 11: Managing Network Connections; Configuring Network Interfaces Using sysinstall; Managing Network Interface Cards; Managing Network Connections; Using Wireless Connections; Checking Name Resolution; Troubleshooting Network Problems; Summary; Chapter 12: Accessing Network Resources; Running Commands to Browse the Web; Transferring Files; Sharing Remote Directories; Chatting with Friends in IRC; Using Text-Based e-mail Clients; Summary 327 $aChapter 13: Doing Remote System Administration Doing Remote Login and Tunneling with SSH; Using screen: A Rich Remote Shell; Using a Remote Windows Desktop; Using Remote BSD Desktop and Applications; Sharing Desktops Using VNC; Summary; Chapter 14: Locking Down Security; Working with Users and Groups; Checking on Users; Securing Network Services; Configuring the Built-In Firewall; Working with System Logs; Using Advanced Security Features; Summary; Appendix A: Using vi or Vim Editors; Starting and Quitting the vi Editor; Moving Around in vi; Changing and Deleting Text in vi 327 $aUsing Miscellaneous Commands 330 $aLearn how to use BSD UNIX systems from the command line with BSD UNIX Toolbox: 1000+ Commands for FreeBSD, OpenBSD and NetBSD. Learn to use BSD operation systems the way the experts do, by trying more than 1,000 commands to find and obtain software, monitor system health and security, and access network resources. Apply your newly developed skills to use and administer servers and desktops running FreeBSD, OpenBSD, NetBSD, or any other BSD variety. Become more proficient at creating file systems, troubleshooting networks, and locking down security. 606 $aFree computer software 606 $aOperating systems (Computers) 615 0$aFree computer software. 615 0$aOperating systems (Computers) 676 $a005.4 676 $a005.432 700 $aNegus$b Chris$f1957-$066815 701 $aCaen$b Franc?ois$01814342 801 0$bMiAaPQ 801 1$bMiAaPQ 801 2$bMiAaPQ 906 $aBOOK 912 $a9910963473403321 996 $aBSD UNIX toolbox$94368171 997 $aUNINA